Statistics for Famous Art Museums

Click here to take the quiz!

General Stats

  • This quiz has been taken 827 times
    (813 since last reset)
  • The average score is 6 of 24

Answer Stats

HintAnswer% Correct
ParisLouvre
100%
Saint PetersburgHermitage Museum
58%
New YorkMetropolitan Museum of Art
57%
LondonTate Britain
57%
MadridPrado Museum
50%
LondonNational Gallery
46%
FlorenceUffizi
42%
AmsterdamRijksmuseum
30%
RomeVatican Museum
29%
ParisMusée d'Orsay
28%
Los AngelesJ. Paul Getty Museum
19%
ChicagoArt Institute of Chicago
14%
VeniceGallerie dell'Accademia
8%
Washington, D.C.National Gallery of Art
7%
ViennaKunsthistorisches Museum
6%
MadridThyssen-Bornemisza Museum
6%
MunichAlte Pinakothek
5%
RomeCapitoline Museums
5%
MoscowPushkin Museum
5%
MoscowTretyakov Gallery
4%
BerlinGemäldegalerie
2%
FlorenceBargello
1%
DresdenGemäldegalerie Alte Meister
1%
Saint PetersburgState Russian Museum
1%

Score Distribution

Percentile by Number Answered

Percent of People with Each Score

Your Score History

You have not taken this quiz since the last reset